000 00337nam a22001457a 4500
008 210519b ||||| |||| 00| 0 eng d
020 _a0393063933
041 _aeng
080 _a573
082 _a573
100 _a11
101 _aBIO
245 _aAn Introduction Ecology & Population Biology
_cThomas C. Emmel
942 _2udc
_cBK
999 _c57492
_d57492